| 000 | 00538nam a2200169Ia 4500 | ||
|---|---|---|---|
| 008 | 150610s9999 xx 000 0 und d | ||
| 020 | _a9780470458426 | ||
| 050 |
_aHF5415.1265 _b .C646 2009 |
||
| 100 | _aComm, Joel | ||
| 245 |
_aTwitter power: _bhow to dominate your market one tweet at a time / _c. |
||
| 260 |
_aNew Jersey : _bJohn Wiley & Sons, Inc., _c2009. |
||
| 300 |
_a245pages ; _c23 cm. |
||
| 504 | _aIncludes index. | ||
| 520 | _aInternet marketing. | ||
| 650 | _xBusiness communication. | ||
| 650 | _xOnline social networks. | ||
| 999 |
_c288021 _d288021 |
||